Pháp luật về quyền sở hữu nhà ở, mua bán, cho thuê nhà ở
Quyển sách nhằm tạo thuận lợi cho bạn đọc khi tìm hiểu về lĩnh vực nhà ở nói chung và quyền nhà ở nói riêng.
Đã lưu trong:
| Hovedforfatter: | |
|---|---|
| Format: | Bog |
| Sprog: | Undetermined |
| Udgivet: |
Thành phố Hồ Chí Minh
Nhà xuất bản Thành phố Hồ Chí Minh
1999
|
| Fag: | |
| Tags: |
Tilføj Tag
Ingen Tags, Vær først til at tagge denne postø!
|
| Thư viện lưu trữ: | Trung tâm Học liệu Trường Đại học Cần Thơ |
|---|
| LEADER | 01075nam a2200217Ia 4500 | ||
|---|---|---|---|
| 001 | CTU_39989 | ||
| 008 | 210402s9999 xx 000 0 und d | ||
| 020 | |c 32000 | ||
| 082 | |a 346.0432 | ||
| 082 | |b Đ307/1999 | ||
| 100 | |a Nguyễn, Ngọc Điệp | ||
| 245 | 0 | |a Pháp luật về quyền sở hữu nhà ở, mua bán, cho thuê nhà ở | |
| 245 | 0 | |c Nguyễn Ngọc Điệp | |
| 260 | |a Thành phố Hồ Chí Minh | ||
| 260 | |b Nhà xuất bản Thành phố Hồ Chí Minh | ||
| 260 | |c 1999 | ||
| 520 | |a Quyển sách nhằm tạo thuận lợi cho bạn đọc khi tìm hiểu về lĩnh vực nhà ở nói chung và quyền nhà ở nói riêng. | ||
| 650 | |a Housing,Land tenure,Landlord,Nhà ở,Quyền sử dụng đất,Chủ sở hữu | ||
| 650 | |x Law and legislation,Law and legislation,Luật và pháp luật,Luật và pháp luật | ||
| 904 | |i Nguyễn Quang Điền, Giang sửa | ||
| 980 | |a Trung tâm Học liệu Trường Đại học Cần Thơ | ||